Unequal access to payments for ecosystem services: the case of Costa Rica /
Sparad:
| Huvudupphovsman: | |
|---|---|
| Materialtyp: | Text |
| Taggar: |
Lägg till en tagg
Inga taggar, Lägg till första taggen!
|
MARC
| LEADER | 00000 a a2200000 04500 | ||
|---|---|---|---|
| 001 | 47996 | ||
| 003 | |||
| 040 | |||
| 100 | |a Lansing, David M. | ||
| 245 | |a Unequal access to payments for ecosystem services: |b the case of Costa Rica / |c David M. Lansing | ||
| 590 | |a DISEMINAR062015 | ||
| 773 | |g volumen45, número6, (2014), páginas 1310-1331 : tabla | ||
| 999 | |c 24359 |d 24359 | ||
